Christian Resources for Peacemaking in a World of Conflict

Saved in:  
Bibliographic Details
Main Author: Courtney, C. (Author)
Format: Print Article
Language:English
Check availability: HBZ Gateway
Interlibrary Loan:Interlibrary Loan for the Fachinformationsdienste (Specialized Information Services in Germany)
Published: 1985
In: Journal of Dharma
Year: 1985, Volume: 10, Issue: 1, Pages: 25-34
Further subjects:B Girard, René (1923-2015)
Parallel Edition:Electronic

MARC

LEADER 00000caa a22000002c 4500
001 1650060319
003 DE-627
005 20240708163910.0
007 tu
008 190311s1985 xx ||||| 00| ||eng c
035 |a (DE-627)1650060319 
035 |a (DE-576)518787249 
035 |a (DE-599)BSZ518787249 
040 |a DE-627  |b ger  |c DE-627  |e rakwb 
041 |a eng 
084 |a 1  |2 ssgn 
100 1 |a Courtney, C.  |4 aut 
245 1 0 |a Christian Resources for Peacemaking in a World of Conflict 
264 1 |c 1985 
336 |a Text  |b txt  |2 rdacontent 
337 |a ohne Hilfsmittel zu benutzen  |b n  |2 rdamedia 
338 |a Band  |b nc  |2 rdacarrier 
600 1 7 |0 (DE-588)118539507  |0 (DE-627)079338933  |0 (DE-576)161119867  |a Girard, René  |d 1923-2015  |2 gnd 
773 0 8 |i In  |t Journal of Dharma  |d Bangalore : College, 1975  |g 10(1985), 1, Seite 25-34  |w (DE-627)167241753  |w (DE-600)433979-4  |w (DE-576)015588246  |x 0253-7222  |7 nnas 
773 1 8 |g volume:10  |g year:1985  |g number:1  |g pages:25-34 
776 0 8 |i Erscheint auch als  |n Online-Ausgabe  |a Courtney, Charles  |t Christian Resources for Peacemaking in a World of Conflict  |d 1985  |w (DE-627)1837756007  |k Electronic 
935 |a GIRA 
951 |a AR 
ELC |b 1 
ITA |a 1  |t 1 
LOK |0 000 xxxxxcx a22 zn 4500 
LOK |0 001 3335614798 
LOK |0 003 DE-627 
LOK |0 004 1650060319 
LOK |0 005 20250822155046 
LOK |0 008 190311||||||||||||||||ger||||||| 
LOK |0 035   |a (DE-Tue135-1)42363 
LOK |0 040   |a DE-Tue135-1  |c DE-627  |d DE-Tue135-1 
LOK |0 852   |a DE-Tue135-1 
LOK |0 852 1  |m p  |9 00 
LOK |0 866   |x Bibliography no 
LOK |0 935   |a iZSA 
LOK |0 938   |k p 
LOK |0 939   |a 11-03-19  |b l12 
ORI |a SA-MARC-ixtheoa001.raw 
REL |a 1 
SUB |a REL 
SYA 0 0 |a Girard, René Noël Théophile,1923-2015,Žurar, Rene,1923-2015